The Big Doctor Who Quiz - Statistics

General Stats
  • This quiz has been taken 19 times
  • The average score is 34 of 52
Answer Stats
Questions Answers % Correct
Name the actor who portrayed the tenth doctor and who is also the fourteenth doctor David Tennant
100%
Name the actor who portrayed the eleventh doctor Matt Smith
100%
Name the actor who portrayed the twelfth doctor Peter Capaldi
100%
What was the year Doctor Who was first broadcast? 1963
93%
What sport was the fifth doctor fond of and played in the story Black Orchid? cricket
93%
Name the actor who portrayed the third doctor Jon Pertwee
93%
Name the actor who portrayed the first doctor William Hartnell
93%
Name the actor who portrayed the ninth doctor Christopher Eccleston
87%
Name the actor who portrayed the thirteenth doctor Jodie Whittaker
87%
The Eleventh doctor first met Amy as a young girl in The Eleventh Hour, how many years did Amy wait for The Doctor to return? 12
80%
What year did Russell T Davies re-launch the show? 2005
80%
Name the actor who portrayed the war doctor John Hurt
80%
What is River Song's real name as given by her parents? Melody Pond
80%
Name the actor who will portray the fifteenth doctor Ncuti Gatwa
80%
Name the actor who portrayed the eighth doctor Paul McGann
80%
What musical instrument would the second doctor play? recorder
80%
Who is the daughter of Amy and Rory? River Song
80%
Which classic villains was first introduced in the story Spearhead From Space and were the first villains to be introduced in the revival? The Autons
80%
What character did Eric Roberts portray in Doctor Who the movie? The master
80%
Name the actor who portrayed the fourth doctor Tom Baker
80%
Which classic companion died trying to prevent a spaceship crashing to Earth which was orchestrated by the cybermen? Adric
73%
What was the title of the very first Doctor Who story to ever be broadcast? An unearthly child
73%
Name the actor who portrayed the sixth doctor Colin Baker
73%
Name the actor who portrayed the fifth doctor Peter Davison
73%
Name the actor who portrayed the seventh doctor Sylvester McCoy
73%
Who was the Daleks creator? Davros
67%
Name the actor who portrayed the fugitive doctor Jo Martin
67%
What is the name of the Dalek's home planet? Skaro
67%
Captain Jack Harkness first appeared in which episode? The empty child
67%
Name the actor who portrayed the first doctor in Twice Upon A Time and The Power of the Doctor David Bradley
60%
What is the name of the Cybermen's original home planet which Earth was it's twin planet? Mondas
60%
The Fourth Doctor was well know for wearing a very long what? scarf
60%
Who created the Daleks for the show? Terry Nation
60%
What does T.A.R.D.I.S. stand for? time and relative dimensions in space
60%
What was the name of the doctor's yellow car which was mainly used by the 3rd doctor? Bessie
53%
What popular classic character did Nicholas Courtney portray in the classis series? Brigadier Lethbridge-Stewart
53%
Who was the villain in the episode The Voyage of the Damned? Max Capricorn
53%
Name the actor who was the first person to portray the Master Roger Delgado
53%
What story was the first to ever feature the Master? Terror of the Autons
53%
What story first introduced the Cybermen? The tenth planet
53%
Which Game Of Thrones actress portrayed Ashildr in the 12th doctor stories The Girl Who Died, The Woman Who Lived, Face The Raven and Hell Bent? Maisie Williams
47%
What was the name of the final story to be broadcast from the classic series? Survival
47%
Name the renegade time lady who was an amoral scientist who considers everything secondary to her research The Rani
47%
Which Buffy The Vampire Slayer actor played Brother Lassar in the tenth doctor story School Reunion? Anthony Head
40%
What was the name of the lone Cyberman who first appeared in the episode The Haunting Of Villa Diodati? Ashad
40%
Name the actor who portrayed the first doctor in the story The Five Doctors Richard Hurndall
40%
Who was The Doctor's very first companion? Susan Foreman
33%
Which Spiderman actor appeared in the tenth doctor episodes Daleks take Manhattan and Evolution of the Daleks? Andrew Garfield
27%
Name the actor who portrayed the second doctor Patrick Troughton
27%
What was the name of the story which was broadcast for the 25th anniversary? Silver Nemesis
27%
What is the real name of the seventh doctor's companion Ace? Dorothy Gale McShane
7%
Which character did Father Ted actor Ardal O'Hanlon play in the tenth doctor story Gridlock? Thomas Kincade Brannigan
7%
No matching quizzes found
Score Distribution
Percent of People with Each Score
Percentile by Number Answered
Your Score History
You have not taken this quiz